Vista normal
Vista MARC
Entrada Personal Name
Número de registros utilizados en: 1
001 - CONTROL NUMBER
- control field: 8310
003 - CONTROL NUMBER IDENTIFIER
- control field: DLC
005 - DATE AND TIME OF LATEST TRANSACTION
- control field: 20210302093913.0
008 - FIXED-LENGTH DATA ELEMENTS
- fixed length control field: 780809n| azannaabn |n aaa
010 ## - LIBRARY OF CONGRESS CONTROL NUMBER
- LC control number: n 78055432
035 ## - SYSTEM CONTROL NUMBER
- System control number: (OCoLC)oca00191197
040 ## - CATALOGING SOURCE
- Original cataloging agency: DLC
- Language of cataloging: spa
- Description conventions: rda
- Transcribing agency: Mx-PuUPA
- Modifying agency: DLC
- Modifying agency: OCoLC
- Modifying agency: Uk
- Modifying agency: DLC
- Modifying agency: ICrlF
- Modifying agency: Mx-PuUPA
046 ## - SPECIAL CODED DATES
- Birth date: 19471207
- Source of date scheme: edtf
053 #0 - LC CLASSIFICATION NUMBER
- Classification number element--single number or beginning number of span: PR6056.I483
100 1# - HEADING--PERSONAL NAME
- Personal name: Fine, Anne,
- Dates associated with a name: 1947-
370 ## - ASSOCIATED PLACE
- Place of residence/headquarters: Durham (Inglaterra: condado)
- Place of birth: Leicester, Reino Unido
372 ## - FIELD OF ACTIVITY
- Field of activity: Literatura infantil
- Field of activity: Literatura para adultos
373 ## - ASSOCIATED GROUP
- Associated group: Real Sociedad de Literatura
374 ## - OCCUPATION
- Occupation: Autor
- Occupation: Escritora inglesa.
375 ## - GENDER
- Gender: mujer
377 ## - ASSOCIATED LANGUAGE
- Language code: eng
670 ## - SOURCE DATA FOUND
- Source citation: Her The summer-house loon, 1979, c1978:
- Information found: t.p. (Anne Fine)
670 ## - SOURCE DATA FOUND
- Source citation: Step wicked step, c1996:
- Information found: CIP fact sheet (Anne Fine; resident in County Durham, Eng.)
670 ## - SOURCE DATA FOUND
- Source citation: BL auth. file, 14 June 2002
- Information found: (hdg.: Fine, Anne, 1947-)
670 ## - SOURCE DATA FOUND
- Source citation: Biog. resource center (Contemporary authors), June 17, 2004
- Information found: (Anne Fine; b. Dec. 7, 1947, Leicester, England)
670 ## - SOURCE DATA FOUND
- Source citation: Wikipedia, Feb. 8, 2016
- Information found: (Anne Fine, OBE FRSL (born 7 December 1947) is a British writer, best known for children's books although she also writes for adults. She is a Fellow of the Royal Society of Literature and she was awarded an OBE in 2003.)
670 ## - SOURCE DATA FOUND
- Source citation: Biblioteca del congreso (Estados Unidos), 23 octubre 2018:
- Information found: catálogo electrónico
- Uniform Resource Identifier: https://goo.gl/2hiuUy